|
|
|
|
| LEADER |
00631nam a22001451a 4500 |
| 082 |
|
|
|a S181.43
|b UDA/N
|
| 100 |
|
|
|a Udayana Acharya
|9 104975
|
| 245 |
|
|
|a Nyayakusumanjali/
|c by Udayana Acharya
|
| 260 |
|
|
|a Varanasi:
|b Varanaseya Sanskrit University,
|c 1973.
|
| 300 |
|
|
|a 535p.
|
| 650 |
|
|
|a Nyaya Philosophy
|9 104976
|
| 942 |
|
|
|c BK
|
| 999 |
|
|
|c 31956
|d 31956
|
| 952 |
|
|
|0 0
|1 0
|4 0
|6 S_181_430000000000000_UDA_N
|7 0
|9 46245
|a SSUS
|b SSUS
|d 2015-01-08
|g 80.00
|o S181.43 UDA/N
|p 004673
|r 2015-01-08
|v 0.00
|w 2015-01-08
|y BK
|
| 952 |
|
|
|0 0
|1 0
|4 0
|6 S_181_430000000000000_UDA_N
|7 0
|9 46246
|a SSUS
|b SSUS
|d 2015-01-08
|g 80.00
|o S181.43 UDA/N
|p 018205
|r 2015-01-08
|v 0.00
|w 2015-01-08
|y BK
|